|
|
|
|
| LEADER |
00000nab a2200000 a 4500 |
| 001 |
vtls000430344 |
| 003 |
SK-MaSNL |
| 005 |
20260304210734.0 |
| 008 |
120925c1991 xo 0 slo |
| 015 |
|
|
|a SNBRA19rr/mm-uuuuu
|
| 035 |
|
|
|a CL0430472
|
| 040 |
|
|
|a SNKBUCL
|b slo
|c SNKBUCL
|e AACR2
|
| 041 |
0 |
|
|a slo
|
| 044 |
|
|
|a xo
|c SK
|
| 080 |
|
|
|a 629.488:519.711
|2 1981
|
| 080 |
|
|
|a 519.711
|2 1981
|
| 080 |
|
|
|a 519.876.5
|2 1981
|
| 100 |
1 |
|
|a Chovanec, Alexej
|4 aut
|9 306326
|
| 245 |
1 |
0 |
|a Simulačné modelovanie činnosti mobilných opravárenských prostriedkov
|c Alexej Chovanec
|
| 300 |
|
|
|b Príl. 1., lit. 4 zázn. v slov.
|
| 650 |
0 |
7 |
|a opravárstvo
|2 snkbucl
|9 166165
|
| 650 |
0 |
7 |
|a simulačné modelovanie
|2 snkbucl
|9 70217
|
| 655 |
|
7 |
|a články zo zborníkov
|2 snkbucl
|9 166140
|
| 773 |
0 |
|
|t Súčasné problémy v koľajových vozidlách. 2. časť
|d Žilina : Dom techniky ZSVTS, 1991
|g S. 163-168
|
| 850 |
|
|
|a Slovenská národná knižnica v Martine
|a MTA001
|
| 852 |
|
|
|a SNK
|b KIS3GCP
|
| 958 |
|
|
|a RK
|
| 992 |
|
|
|a RZB
|
| 999 |
|
|
|c 3127331
|d 3129261
|